00586nam a2200193 a 450000100060000000300080000600500170001400800410003103500190007204000320009104100080012308200250013110000240015624500850018026000380026530000330030350000190033665000370035549959BD-RjUL20211209075434.0160823s1968 nyua 001 0 eng d a(BD-RjUL)50079 aDLCcDLCdEQOdBD-RjULbeng aeng a372.12223bKIA 19681 aKimbrough, Ralph B.10aAdministering elementary schools :bconcepts and practices /cRalph B. Kimbrough aNew York :bThe Macmillan,c1968. axii, 428 p. :bill ;c24 cm. aIncludes index 0aElementary school administration